书目信息 |
| 题名: |
古玩市场拍卖投资1001问
|
|
| 作者: | 史树青 主编 | |
| 分册: | ||
| 出版信息: | 长春 吉林出版集团有限责任公司 2006 |
|
| 页数: | 287页 | |
| 开本: | 25cm | |
| 丛书名: | 古玩1001系列 | |
| 单 册: | ||
| 中图分类: | F724.787 , K870.4 | |
| 科图分类: | ||
| 主题词: | 历史文物--投资--中国 , 历史文物 , 历史文物--拍卖--中国 , 拍卖 | |
| 电子资源: | ||
| ISBN: | 7-80720-438-9 | |
| 000 | 00981oam2 2200301 450 | |
| 001 | 003075123 | |
| 005 | 20070801165442.53 | |
| 010 | @a7-80720-438-9@dCNY69.00 | |
| 100 | @a20060104d2006 em y0chiy0110 ea | |
| 101 | 0 | @achi |
| 102 | @aCN@b220000 | |
| 105 | @aa z 000yy | |
| 200 | 1 | @a古玩市场拍卖投资1001问@9gu wan shi chang pai mai tou zi 1001 wen@f史树青主编 |
| 210 | @a长春@c吉林出版集团有限责任公司@d2006 | |
| 215 | @a287页@c彩图@d25cm | |
| 225 | 2 | @a古玩1001系列 |
| 330 | @a本书采取问答的表述形式,以古玩市场、拍卖、投资的相关知识为基点,选取古玩收藏投资者最关心的问题,多角度地阐述了古玩收藏投资中遇到的各种问题,进行答疑解惑。 | |
| 461 | 0 | @12001 @a古玩1001系列 |
| 606 | 0 | @a历史文物@x投资@y中国 |
| 606 | 0 | @a历史文物 |
| 606 | 0 | @a历史文物@x拍卖@y中国 |
| 606 | 0 | @a拍卖 |
| 610 | 0 | @a古玩 |
| 690 | @aF724.787@v4 | |
| 690 | @aK870.4@v4 | |
| 701 | 0 | @a史树青@9shi shu qing@f(1922~)@4主编 |
| 801 | 0 | @aCN@bNLC@c20070801 |
| 905 | @a10447@dF724.787@e45 | |
| 古玩市场拍卖投资1001问/史树青主编.-长春:吉林出版集团有限责任公司,2006 |
| 287页:彩图;25cm.-(古玩1001系列) |
| ISBN 7-80720-438-9:CNY69.00 |
| 本书采取问答的表述形式,以古玩市场、拍卖、投资的相关知识为基点,选取古玩收藏投资者最关心的问题,多角度地阐述了古玩收藏投资中遇到的各种问题,进行答疑解惑。 |
| ● |
| 相关链接 |
|
|
|
|
正题名:古玩市场拍卖投资1001问
索取号:F724.787/45
 
预约/预借
| 序号 | 登录号 | 条形码 | 馆藏地/架位号 | 状态 | 备注 |
| 1 | 0800510 | 208005102 | 第一样本阅览室/ [索取号:F724.787/45] | 在馆 | |
| 2 | 0800511 | 208005111 | 第一借阅区/ [索取号:F724.787/45] | 在馆 | |
| 3 | 0800512 | 208005120 | 第一借阅区/ [索取号:F724.787/45] | 在馆 | |
| 4 | 0800513 | 208005139 | 第一借阅区/ [索取号:F724.787/45] | 在馆 | |
| 5 | 0800514 | 208005148 | 第一借阅区/ [索取号:F724.787/45] | 在馆 |